¿Sociedad de consumo o civilización del bienestar? ; (Record no. 11570)
[ view plain ]
| 000 -CABECERA | |
|---|---|
| campo de control de longitud fija | 01515nam a2200421 4500 |
| 003 - IDENTIFICADOR DEL NÚMERO DE CONTROL | |
| campo de control | OSt |
| 005 - FECHA Y HORA DE LA ÚLTIMA TRANSACCIÓN | |
| campo de control | 20260530113854.0 |
| 008 - DATOS DE LONGITUD FIJA--INFORMACIÓN GENERAL | |
| campo de control de longitud fija | 260505b1971 ag |||| |||| 00| 0 spa d |
| 040 ## - FUENTE DE LA CATALOGACIÓN | |
| Centro catalogador/agencia de origen | ICI |
| Lengua de catalogación | spa |
| Centro/agencia transcriptor | ICI |
| 041 ## - CÓDIGO DE LENGUA | |
| Código de lengua del texto/banda sonora o título independiente | spa |
| 050 #4 - SIGNATURA TOPOGRÁFICA DE LA BIBLIOTECA DEL CONGRESO | |
| Número de clasificación | HC79.C6 |
| Número de documento/Ítem | S63 |
| 100 1# - ENTRADA PRINCIPAL--NOMBRE DE PERSONA | |
| Nombre de persona | Friedman, Georges, |
| Término indicativo de función/relación | autor |
| 9 (RLIN) | 31560 |
| 245 11 - MENCIÓN DE TÍTULO | |
| Título | ¿Sociedad de consumo o civilización del bienestar? ; |
| Resto del título | El confort en cuestión / |
| Mención de responsabilidad, etc. | Georges Friemann, Jan Tinbergen, Norman Mailer... [y otrs más] |
| 264 #1 - PRODUCCIÓN, PUBLICACIÓN, DISTRIBUCIÓN, FABRICACIÓN Y COPYRIGHT | |
| Producción, publicación, distribución, fabricación y copyright | Argentina : |
| Nombre del de productor, editor, distribuidor, fabricante | Rodolfo Alonso editor, |
| Fecha de producción, publicación, distribución, fabricación o copyright | 1971 |
| 300 ## - DESCRIPCIÓN FÍSICA | |
| Extensión | 206 páginas |
| 336 ## - TIPO DE CONTENIDO | |
| Término de tipo de contenido | texto |
| Fuente | rdacontent |
| 337 ## - TIPO DE MEDIO | |
| Nombre/término del tipo de medio | sin medio |
| Fuente | rdamedia |
| 338 ## - TIPO DE SOPORTE | |
| Nombre/término del tipo de soporte | volumen |
| Fuente | rdacarrier |
| 490 ## - MENCIÓN DE SERIE | |
| Mención de serie | Argumentos |
| 700 1# - PUNTO DE ACCESO ADICIONAL--NOMBRE DE PERSONA | |
| Nombre de persona | Tinbergen, Jan, |
| Término indicativo de función/relación | autor |
| 9 (RLIN) | 31561 |
| 700 1# - PUNTO DE ACCESO ADICIONAL--NOMBRE DE PERSONA | |
| Nombre de persona | Mailer, Norman, |
| Término indicativo de función/relación | autor |
| 9 (RLIN) | 31562 |
| 700 1# - PUNTO DE ACCESO ADICIONAL--NOMBRE DE PERSONA | |
| Nombre de persona | Albertini, Jean-Marie, |
| Término indicativo de función/relación | autor |
| 9 (RLIN) | 31563 |
| 700 1# - PUNTO DE ACCESO ADICIONAL--NOMBRE DE PERSONA | |
| Nombre de persona | buchanan, george, |
| Término indicativo de función/relación | autor |
| 9 (RLIN) | 31564 |
| 700 1# - PUNTO DE ACCESO ADICIONAL--NOMBRE DE PERSONA | |
| Nombre de persona | Cazes, Bernard, |
| Término indicativo de función/relación | autor |
| 9 (RLIN) | 31565 |
| 700 1# - PUNTO DE ACCESO ADICIONAL--NOMBRE DE PERSONA | |
| Nombre de persona | Crozier, Michel, |
| Término indicativo de función/relación | autor |
| 9 (RLIN) | 31566 |
| 700 1# - PUNTO DE ACCESO ADICIONAL--NOMBRE DE PERSONA | |
| Nombre de persona | Dieguez, de Manuel, |
| Término indicativo de función/relación | autor |
| 9 (RLIN) | 31567 |
| 700 1# - PUNTO DE ACCESO ADICIONAL--NOMBRE DE PERSONA | |
| Nombre de persona | Déguy, Michel, |
| Término indicativo de función/relación | autor |
| 9 (RLIN) | 31568 |
| 700 1# - PUNTO DE ACCESO ADICIONAL--NOMBRE DE PERSONA | |
| Nombre de persona | Jouvenel de Bertrand, |
| Término indicativo de función/relación | autor |
| 9 (RLIN) | 31569 |
| 700 1# - PUNTO DE ACCESO ADICIONAL--NOMBRE DE PERSONA | |
| Nombre de persona | Détraz, Albert, |
| Término indicativo de función/relación | autor |
| 9 (RLIN) | 31570 |
| 700 1# - PUNTO DE ACCESO ADICIONAL--NOMBRE DE PERSONA | |
| Nombre de persona | Fejtö, Francois, |
| Término indicativo de función/relación | autor |
| 9 (RLIN) | 31571 |
| 700 1# - PUNTO DE ACCESO ADICIONAL--NOMBRE DE PERSONA | |
| Nombre de persona | Flam, Léopold, |
| Término indicativo de función/relación | autor |
| 9 (RLIN) | 31572 |
| 700 1# - PUNTO DE ACCESO ADICIONAL--NOMBRE DE PERSONA | |
| Nombre de persona | Lapassade, Georges, |
| Término indicativo de función/relación | autor |
| 9 (RLIN) | 31573 |
| 700 1# - PUNTO DE ACCESO ADICIONAL--NOMBRE DE PERSONA | |
| Nombre de persona | Misrahi, Robert, |
| Término indicativo de función/relación | autor |
| 9 (RLIN) | 31574 |
| 700 1# - PUNTO DE ACCESO ADICIONAL--NOMBRE DE PERSONA | |
| Nombre de persona | Morin, Edgar, |
| Término indicativo de función/relación | autor |
| 9 (RLIN) | 31575 |
| 700 1# - PUNTO DE ACCESO ADICIONAL--NOMBRE DE PERSONA | |
| Nombre de persona | Perroux, Francois, |
| Término indicativo de función/relación | autor |
| 9 (RLIN) | 31576 |
| 700 1# - PUNTO DE ACCESO ADICIONAL--NOMBRE DE PERSONA | |
| Nombre de persona | Pizzorno, Alessandro, |
| Término indicativo de función/relación | autor |
| 9 (RLIN) | 31577 |
| 942 ## - ELEMENTOS DE PUNTO DE ACCESO ADICIONAL (KOHA) | |
| Fuente del sistema de clasificación o colocación | Dewey Decimal Classification |
| Tipo de ítem Koha | |
| Suprimir en OPAC | 1 |
No items available.